Prognóza vývoja cenzových domácností v krajoch SR do roku 2025/2004

Gespeichert in:
Bibliographische Detailangaben
Format: Buch
Sprache:Slowakisch
Veröffentlicht: Bratislava Štatistický úrad Slovenskej republiky 2004
Schriftenreihe:Demografia a sociálna štatistika
Schlagworte:
Tags: Tag hinzufügen
Keine Tags, Fügen Sie das erste Tag hinzu!

MARC

LEADER 00000nam$a2200000$$$4500
001 0024154
005 20251209072322.7
041 0 |a slo 
044 |a SK 
245 1 0 |a Prognóza vývoja cenzových domácností v krajoch SR do roku 2025/2004 
264 1 |a Bratislava  |b Štatistický úrad Slovenskej republiky  |c 2004 
300 |a 64 s. 
490 1 |a Demografia a sociálna štatistika 
830 0 |a Demografia a sociálna štatistika 
610 2 0 |a Slovensko 
610 2 0 |a domácnosti 
610 2 0 |a prognózy 
610 2 0 |a kraje